| 000 | 00521nam a2200229Ia 4500 | ||
|---|---|---|---|
| 008 | 210210b2011 xxu||||| |||| 00| 0 eng d | ||
| 020 | _a9788190700290 | ||
| 041 | _aeng | ||
| 082 | _aH891.309 SAGH | ||
| 100 | _aSAGRE (Bharat) | ||
| 245 | _aHindI Anchalik upanyAso mein dalit jIvan | ||
| 260 |
_aKAnpur _b- _c2011 |
||
| 300 | _a128 | ||
| 650 | _aupanyAso | ||
| 650 | _amein | ||
| 650 | _ajIvan | ||
| 650 | _aHindI | ||
| 650 | _adalit | ||
| 650 | _aAnchalik | ||
| 690 | _aHindi Criticism | ||
| 906 | _a065799 | ||
| 999 |
_c147089 _d147089 |
||